000 00675nam a2200193Ia 4500
003 LDD
008 190117s9999 xx 000 0 und d
020 _a9788179752739
_c₹200
040 _cLDD
041 _ahi
082 _a8H1.71 ली668स
100 _aलीलवान, जय प्रकाश
245 0 _aसमय की आदमखोर धुन
_cजय प्रकाश लीलवान
260 _aनई दिल्ली
_bअनामिका प्रकाशन
_c2014
300 _a128p.
901 _aKGP
904 _aReqst by : Jitendra Kumar Srivasta
942 _2ddc
_cH
999 _c169110
_d169110